【自動車趣味玄人向け】すべてのトヨタ車 - Statistiken

Allgemein
  • Dieses Quiz wurde 3 mal gespielt
  • Das Durchschnittsergebnis liegt bei 39 aus 222
Antwortstatistiken
Hint Antwort % Korrekt
ア行 アイシス
100%
アルテッツァ
100%
アルファード
100%
エスティマ
100%
コースター
100%
パッソ
100%
パッソセッテ
100%
プロボックス
100%
C-HR
100%
アクア
50%
アベンシス
50%
アベンシスワゴン
50%
アリオン
50%
アリスト
50%
ヴェルファイア
50%
ヴォクシー
50%
エスクァイア
50%
エスティマハイブリッド
50%
カローラ
50%
カローラアクシオ
50%
カローラクロス
50%
カローラツーリング
50%
カローラフィールダー
50%
クラウン
50%
クラウンアスリート
50%
クラウンエステート
50%
クラウンクロスオーバー
50%
クラウンコンフォート
50%
クラウンスポーツ
50%
クラウンハイブリッド
50%
クラウンマジェスタ
50%
サクシード
50%
シエンタ
50%
タ行 タウンエース
50%
タウンエーストラック
50%
タウンエースノア
50%
タウンエースバン
50%
ダイナ
50%
ノア
50%
ハ行 ハイエース
50%
ハイエースバン
50%
ハリアー
50%
ピクシスエポック
50%
ピクシスジョイ
50%
ピクシススペース
50%
ピクシストラック
50%
ピクシスバン
50%
ピクシスメガ
50%
プリウス
50%
プリウスα
50%
プレミオ
50%
ヤ行 ヤリス
50%
ヤリスクロス
50%
※型式数字一纏め ランドクルーザー
50%
ランドクルーザープラド
50%
レジアス
50%
レジアスエース
50%
86
50%
bZ4X
50%
C+Pod
50%
FJクルーザー
50%
GRヤリス
50%
iQ
50%
MIRAI
50%
プリウスPHV
50%
RAV4
50%
SAI
50%
マークX
50%
アルテッツァジータ
0%
アルファードハイブリッド
0%
アレックス
0%
イプサム
0%
ウィッシュ
0%
ウィンダム
0%
ヴァンガード
0%
ヴィッツ
0%
ヴェルファイアハイブリッド
0%
ヴェロッサ
0%
ヴォルツ
0%
エスティマエミーナ
0%
エスティマルシーダ
0%
オリジン
0%
オーパ
0%
オーリス
0%
カ行 カムリ
0%
カムリハイブリッド
0%
カムロード
0%
カリーナ
0%
カリーナクーペ
0%
カルディナ
0%
カルディナバン
0%
カレン
0%
カローラⅡ
0%
カローラクーペ
0%
カローラスパシオ
0%
カローラスポーツ
0%
カローラセレス
0%
カローラハードトップ
0%
カローラバン
0%
カローラランクス
0%
カローラルミオン
0%
カローラレビン
0%
カローラレビンハッチバック
0%
カローラワゴン
0%
キャミ
0%
クイックデリバリー
0%
クラウンセダン
0%
クラウンバン
0%
クラウンロイヤル
0%
クラウンワゴン
0%
クラシック
0%
クルーガー
0%
クレスタ
0%
グランエース
0%
グランドハイエース
0%
グランビア
0%
コペン
0%
コルサ
0%
コルサセダン
0%
コロナ
0%
コロナクーペ
0%
コロナバン
0%
コンフォート
0%
コースタービッグバン
0%
サ行 サイノス
0%
サイノスコンバーチブル
0%
サクシードバン
0%
スタウト
0%
スターレット
0%
スパーキー
0%
スプリンター
0%
スプリンターカリブ
0%
スプリンタークーペ
0%
スプリンタートレノ
0%
スプリンタートレノハッチバック
0%
スプリンターバン
0%
スプリンターマリノ
0%
スプリンターリフトバック
0%
スプリンターワゴン
0%
スペイド
0%
スープラ
0%
セプターワゴン
0%
セラ
0%
セリカ
0%
セリカコンバーチブル
0%
セルシオ
0%
センチュリー
0%
ソアラ
0%
タンク
0%
ダイナアーバンサポーター
0%
ダイナルートバン
0%
チェイサー
0%
ツーリングハイエース
0%
デュエット
0%
デリボーイ
0%
トヨエース
0%
トヨエースアーバンサポーター
0%
トヨエースルートバン
0%
ナ行 ナディア
0%
ハイエースコミューター
0%
ハイエーストラック
0%
ハイエースレジアス
0%
ハイエースレジアスバン
0%
ハイラックス
0%
ハイラックスサーフ
0%
ハリアーハイブリッド
0%
パブリカ
0%
ビスタ
0%
ビスタアルデオ
0%
ファンカーゴ
0%
ブレイド
0%
ブレビス
0%
プラッツ
0%
プログレ
0%
プロナード
0%
プロボックスバン
0%
ベルタ
0%
ポルテ
0%
マ行 マスターエースサーフ
0%
マークⅡ
0%
マークⅡクオリス
0%
マークⅡセダン
0%
マークⅡバン
0%
マークⅡブリット
0%
マークⅡワゴン
0%
メガクルーザー
0%
ラ行 ライズ
0%
ライトエース
0%
ライトエーストラック
0%
ライトエースノア
0%
ライトエースバン
0%
ラウム
0%
ラクティス
0%
ラッシュ
0%
ランドクルーザーシグナス
0%
ルーミー
0%
レジアスバン
0%
クラウン2ドアハードトップ
0%
セリカ2ドアクーペ
0%
英数字 2000GT
0%
bB
0%
bBオープンデッキ
0%
カリーナED
0%
プリウスEX
0%
カローラFX
0%
GRカローラ
0%
GR86
0%
ist
0%
JPN TAXI
0%
MRスパイダー
0%
MR2
0%
MR-S
0%
RAV4 EV
0%
RAV4 PHV
0%
WiLL サイファ
0%
WiLL Vi
0%
WiLL VS
0%
マークXジオ
0%
セリカXX
0%
Keine übereinstimmenden Quizze gefunden
Verteilung der Resultate
Anzahl Personen mit jedem Resultat
Perzentil nach korrekt beantworteten Fragen
Ihre Resultats-Entwicklung
Sie haben dieses Quiz noch nicht gespielt